00998nab a22001937a 4500003000400000005001700004008004100021040000700062100002200069245016000091300001300251505025900264505007200523650002300595650002700618650003400645700002700679773009800706OSt20260106130424.0190514b xxu||||| |||| 00| 0 spa d cPJ aIud, Carolina D. 13aEfectos patrimoniales del matrimonio y de las uniones convivenciales :buna mirada desde el derecho internacional privado /cCarolina D. Iud, Nieve Rubaja. ap. 43-61 aSumario: I. Introducción.— II. Jurisdicción internacional.— III. Derecho aplicable.— IV. Desafíos a futuro.— V. Síntesis. Fundamento normativo del sistema de derecho internacional privado argentino (fuente internacional y fuente interna). tSi te interesa el texto, comunicate a koha@justierradelfuego.gov.ar 0aDERECHO DE FAMILIA 0aUNIONES CONVIVENCIALES 0aDERECHO INTERNACIONAL PRIVADO aRubaja, Nieveecoautor0 02844dBuenos Aires : AbeledoPerrot, 1989-tDerecho de familia. N° 115 - Julio 2024z18511201